01858nam a2200397 a 450000100100000000500170001000800410002702000150006804000250008304100130010804100130012108200200013410000330015424500960018726000460028330000270032949000240035649000200038050000580040050000430045850000460050159000260054765000280057365000310060165000490063270000340068183000300071583000270074591000370077295201320080995201320094195201320107395201170120595201230132299900150144500000927620240412074210.0090929s2002 dr a 000 0 spa d a9993420409 aDO-SdBNPbspacBNPHU17aspa2eng17aspa2fre aRD868.42bM671c1 aMir, Pedro,d1913-20009724513aLa cuna cerrada :bcartas a un bebé /cPedro Mir ; cuidado de edición Noris Céspedes. aSanto Domingo :bEditora Nacional,c2002. a75 p. :bil. ;c22 cm.1 aBiblioteca Esencial1 aTestimonio ;v1 aIncluye datos biográficos del autor en las solapas. aIncluye notas al pie de las páginas. aTexto en español, inglés y francés. aInventariado, 2019/VM 0aPoesía dominicana966 0aLiteratura dominicana.967 7aDiarios personales dominicanos2Sears92399812aCéspedes, Noris,eed.92492 0aBiblioteca Esencial91356 0aTestimonio ;n1923999 aValidado: Control de calidad MFF 001054708DSaGRbGRcHDd2009-10-07iLF1l0oRD868.42 M671cp9276-30r2020-06-25te. 3w2020-06-25yLFDSZPréstamo en sala 001054708DSaGRbGRcHDd2009-10-07iLF1l0oRD868.42 M671cp9276-40r2020-06-25te. 4w2020-06-25yLFDSZPréstamo en sala 001054708DSaGRbGRcHDd2009-10-07iLF1l0oRD868.42 M671cp9276-50r2020-06-25te. 5w2020-06-25yLFDSZPréstamo en sala 0010718PDaPDbPDcHDd2009-09-29iLF1l0oRD868.42 M671cp9276-10r2020-06-25w2020-06-25yLFPDZNo se presta 0010718PDaPDbPDcHDd2009-10-07iLF1l0oRD868.42 M671cp9276-20r2020-06-25te. 2w2020-06-25yLFPDZNo se presta c9038d9038